| 000 | 00770nam a2200241 i 4500 | ||
|---|---|---|---|
| 001 | bg | ||
| 100 | 1 | _aPACHURA, Piotr | |
| 245 | 1 | 0 |
_aUnia Europejska wobec zmian strukturalnych : _brekonwersja regionalna / _cPiotr Pachura ; Politechnika Częstochowska. |
| 260 |
_aCzęstochowa : _bWydawnictwa PC, _c2003. |
||
| 300 |
_a73 s. : _btab., wykr. ; _c24 cm. |
||
| 504 | _aBibliogr. s. 71-73. | ||
| 610 | 2 | 9 |
_aUnia Europejska _xgospodarka _xpolityka |
| 650 | 9 | _aFundusze strukturalne UE | |
| 650 | 9 | _aPolityka regionalna UE | |
| 650 | 9 | _aPolityka strukturalna UE | |
| 020 | _a8371932545 | ||
| 040 | _cBPK | ||
| 041 | 0 | _apol | |
| 080 | _a339.923:339.7:332.14](4-67)"1989/..." | ||
| 920 | _a83-7193-254-5 | ||
| 942 | _cKS | ||
| 008 | s pl f |000 0 pol | ||
| 999 |
_c45694 _d45694 |
||
| 856 |
_uhttp://koha.tu.koszalin.pl/cgi-bin/koha/opac-detail.pl?biblionumber=45694 _yKatalog online BPK |
||